Ákoue : newsletter of the American School of Classical Studies at Athens.

محفوظ في:

مؤلف مشترك: American School of Classical Studies at Athens.

التنسيق: كتاب

اللغة: English

الموضوعات:

الوسوم: إضافة وسم

لا توجد وسوم, كن أول من يضع وسما على هذه التسجيلة!

رقم الطلب: (J)DF11 .A358

LEADER 00991nam a22002777a 4500
003 OSt
005 20251029071207.0
008 130303c20029999njua g p 000 0 eng d
043 |a e-gr--- 
050 1 4 |a (J)DF11  |b .A358 
245 0 0 |a Ákoue :  |b newsletter of the American School of Classical Studies at Athens. 
246 3 0 |a Newsletter of the American School of Classical Studies at Athens  
264 1 |a Princeton, NJ :  |b American School of Classical Studies at Athens,  |c 2002- 
300 |a volumes :  |b illustrations ;  |c 28 cm 
310 |a Annual 
336 |a text  |b txt  |2 rdacontent 
337 |a unmediated  |b n  |2 rdamedia 
338 |a volume  |b nc  |2 rdacarrier 
362 0 |a Number 47 (winter 2002)- 
500 |a "Title from cover". 
610 2 0 |a American School of Classical Studies at Athens. 
650 0 |a Classical antiquities  |v Periodicals. 
650 0 |a Greece  |x Antiquities  |v Periodicals. 
710 2 |a American School of Classical Studies at Athens. 
942 |c JL  |2 lcc 
999 |c 26720  |d 26720